[Event "Nuremberg-ch op 06th"]
[Site "Nuremberg"]
[Date "2006.06.03"]
[Round "2.24"]
[White "Ederer, Rene"]
[Black "Kurz, Christian"]
[Result "1-0"]
[WhiteElo "1979"]
[BlackElo "1835"]
[PlyCount "150"]
[EventDate "2006.06.02"]
[EventType "swiss"]
[EventRounds "5"]
[EventCountry "GER"]
[SourceTitle "EXT 2007"]
[Source "ChessBase"]
[SourceDate "2006.11.23"]
[SourceVersion "1"]
[SourceVersionDate "2006.11.23"]
[SourceQuality "1"]

1. d4 Nf6 2. c4 e6 3. Nc3 Bb4 4. e3 0-0 5. Bd3 c5 6. Nf3 Nc6 7. 0-0 d6 8. Ne4 Nxe4 9. Bxe4 d5 10. Bd3 dxc4 11. Bxc4 cxd4 12. exd4 Be7 13. b3 Bf6 14. Bb2 b6 15. Qe2 Na5 16. Bd3 Bb7 17. Rad1 Rc8 18. Ne5 Rc7 19. Bb1 Qa8 20. Qg4 Rd8 21. Rfe1 Nc6 22. Qe4 g6 23. Qf4 Bxe5 24. dxe5 Rcd7 25. Rd6 Ne7 26. f3 Qc8 27. Rc1 Rc7 28. Rcd1 Rcd7 29. Qd4 Bd5 30. Rc1 Rc7 31. Rxd8+ Qxd8 32. Rd1 Nc6 33. Qf4 Qe7 34. h4 Qc5+ 35. Kh2 Rd7 36. h5 Qe7 37. Qg4 Qf8 38. Rh1 Qh6 39. Kg3 Qg7 40. Qf4 g5 41. Qe3 h6 42. Rc1 Rd8 43. Kf2 g4 44. f4 Kf8 45. Ba3+ Ke8 46. g3 f6 47. Bd6 f5 48. Bd3 Qf7 49. Bc4 Bf3 50. Be2 Bd5 51. Bc4 Be4 52. Bd3 Bxd3 53. Qxd3 Nxe5 54. fxe5 Qxh5 55. Rc7 Qh2+ 56. Ke1 Qg1+ 57. Kd2 Qf2+ 58. Kc1 Qe1+ 59. Kc2 Qf2+ 60. Kb1 Qe1+ 61. Kb2 Qxe5+ 62. Bxe5 Rxd3 63. Rxa7 Rd2+ 64. Ka3 Re2 65. Bf4 h5 66. Rh7 e5 67. Bg5 Rh2 68. Re7+ Kf8 69. Rxe5 Rf2 70. Bf4 Rh2 71. Rxf5+ Ke7 72. Bg5+ Ke6 73. Rf6+ Ke5 74. Rxb6 h4 75. Bxh4 Kd5 1-0